000
00297nam a22001217a 4500
008
181009b xxu||||| |||| 00| 0 eng d
041
_a
eng
080
_a
617
100
_a
8
101
_a
ORT
245
_a
Understanding your role Total Patient Management in Arthritis
_c
Searle
942
_2
udc
_c
BK
999
_c
49096
_d
49096